International peace observation ; a history and forecast /

Bibliographic Details
Main Author: Wainhouse, David Walter, 1900-
Format: Book
Language:English
Published: Baltimore : Johns Hopkins Press, 1966.
Subjects:

MARC

Tag First Indicator Second Indicator Subfields
LEADER 00000cam a2200000 4500
001 in00000069172
005 20151008051406.0
008 721201s1966 mdu b 00000 eng u
010 |a  66014376  
035 |a (OCoLC)00505876 
035 |9 AAG7602AM 
040 |c WSU  |d TXA  |d UtOrBLW 
049 |a TXAM  |c [475330] 
050 0 |a JX1981.P7  |b W25 
092 |a 341.1  |b W141i 
100 1 |a Wainhouse, David Walter,  |d 1900- 
245 1 0 |a International peace observation ;  |b a history and forecast /  |c [by] David W. Wainhouse in association with Berbhard G. Bechhoefer [and others]. 
264 1 |a Baltimore :  |b Johns Hopkins Press,  |c 1966. 
300 |a 663 pages 
336 |a text  |b txt  |2 rdacontent 
337 |a unmediated  |b n  |2 rdamedia 
338 |a volume  |b nc  |2 rdacarrier 
504 |a Bibliographical footnotes. 
610 2 0 |a United Nations  |x Armed Forces. 
650 0 |a Arbitration (International law) 
999 |a MARS 
999 f f |s d1a20e4e-4d33-313f-b8ff-a935e9ea2d90  |i ae28d814-0c11-3e1b-910a-d5d0470c4c47  |t 0 
952 f f |p ric  |a Texas A&M University  |b Rellis Campus  |c Joint Library Facility  |d Remote Storage  |t 0  |e JX1981.P7 W25  |h Library of Congress classification  |i unmediated -- volume  |m A14800782528 
998 f f |a JX1981.P7 W25  |t 0  |l Remote Storage